Die Akkumulation des Kapitals

Αποθηκεύτηκε σε:
Λεπτομέρειες βιβλιογραφικής εγγραφής
Κύριος συγγραφέας: Robinson, Joan, 1903-1983
Μορφή: Βιβλίο
Γλώσσα:German
Δημοσίευση: Frankfurt am Main ; Berlin : Ullstein, 1969
Θέματα:
Ετικέτες: Προσθήκη ετικέτας
Δεν υπάρχουν, Καταχωρήστε ετικέτα πρώτοι!

MARC

LEADER 00000cam a2200000 i 4500
001 1/10269
008 000831s1969 ger d
020 |a 3-548-02862-4 
035 |l 10063372 
040 |a GR-MY-UA  |b gre  |e aacr 
041 0 |a ger 
082 0 |a 330.122 
100 1 |a Robinson, Joan,   |d 1903-1983. 
245 1 4 |a Die Akkumulation des Kapitals /  |c Joan Robinson 
260 |a Frankfurt am Main ; Berlin :   |b Ullstein,   |c 1969 
300 |a 391 p. 
650 0 0 |a Capitalism. 
650 0 0 |a Capital. 
852 |a INST  |b LESVOS  |e 20000831  |h 330.122 ROB  |p 005100023312  |q 005100023312  |t BK  |y 0 
901 |a BIBL1-2000-2 
909 |a Λ  |b 077689 
970 |z 2000/08/ΧΡΥΣΑΝΘΗ